| 000 | 00416nam a2200169Ia 4500 | ||
|---|---|---|---|
| 100 | _aStojmenovic/Ivan | ||
| 650 | _aMobile computing | ||
| 942 | _cBK | ||
| 366 | _f20 | ||
| 654 | _awireless networks.mobile computing | ||
| 245 | _aHandbook of wireless networks and mobile computing | ||
| 260 |
_bWiley India _aNew Delhi _c2002 |
||
| 082 |
_a384.5/STO _bSTO |
||
| 300 | _a630 | ||
| 546 | _aENGLISH | ||
| 999 |
_c25311 _d25311 |
||